000
00302nam a22001337a 4500
020
_a
9788126506255
082
_a
620.43
_b
BOO/NA
100
_a
Booker, Richard
245
_a
Nanotechnology
260
_a
New Delhi
_b
Wiley India Pvt. Ltd.
_c
2011
300
_a
361
700
_a
Boysen, Earl
942
_c
BK
999
_c
13901
_d
13901